Vista normal
Vista MARC
Entrada Personal Name
Número de registros utilizados en: 1
001 - CONTROL NUMBER
- control field: 10898
003 - CONTROL NUMBER IDENTIFIER
- control field: OSt
005 - DATE AND TIME OF LATEST TRANSACTION
- control field: 20200925214849.0
008 - FIXED-LENGTH DATA ELEMENTS
- fixed length control field: 200925|| aca||aabn | a|a d
040 ## - CATALOGING SOURCE
- Original cataloging agency: OSt
- Transcribing agency: OSt
100 ## - HEADING--PERSONAL NAME
- Personal name: Lleras Restrepo, Carlos,
- Dates associated with a name: 1908-1994
- Form subdivision: colecciones de escritos
- General subdivision: pensamiento político
670 ## - SOURCE DATA FOUND
- Source citation: Work cat.: (OSt)6246: Lleras Restrepo, Carlos, autor 1861, Carlos Lleras Restrepo : , 2007